Central Library OPAC University of Rajshahi

Social life, structure and function : (Record no. 33271)

MARC details
000 -LEADER
fixed length control field 00851nam a2200265 a 4500
001 - CONTROL NUMBER
control field 33271
003 - CONTROL NUMBER IDENTIFIER
rucl marc code BD-RjUL
005 - DATE AND TIME OF LATEST TRANSACTION
control field 20211209051957.0
008 - FIXED-LENGTH DATA ELEMENTS--GENERAL INFORMATION
fixed length control field 140507s1949 nyua b 001 0 eng d
035 ## - SYSTEM CONTROL NUMBER
System control number (BD-RjUL)33362
System control number (BD-RjUL)
040 ## - CATALOGING SOURCE
Original cataloging agency ANL
Language of cataloging eng
Transcribing agency ANL
Modifying agency BD-RjUL
041 ## - LANGUAGE CODE
Language code of text/sound track or separate title eng
082 04 - DEWEY DECIMAL CLASSIFICATION NUMBER
Classification number 301
Author mark and year BES 1949
100 1# - MAIN ENTRY--PERSONAL NAME
Personal name Bennett, John W.
Fuller form of name (John William),
Dates associated with a name 1915-
9 (RLIN) 101030
245 10 - TITLE STATEMENT
Title Social life, structure and function :
Remainder of title an introductory general sociology /
Statement of responsibility, etc. John W. Bennett and Melvin M. Tumin.
260 ## - PUBLICATION, DISTRIBUTION, ETC. (IMPRINT)
Place of publication, distribution, etc. New York :
Name of publisher, distributor, etc. A. A. Knopf,
Date of publication, distribution, etc. 1949.
300 ## - PHYSICAL DESCRIPTION
Pagination xxii, 725, xvi p. :
Illustrations ill. ;
Size 25 cm.
504 ## - BIBLIOGRAPHY, ETC. NOTE
Bibliography, etc Bibliography: p. 681-725. and Index
650 #0 - SUBJECT ADDED ENTRY--TOPICAL TERM
Topical term or geographic name as entry element Sociology.
9 (RLIN) 101031
700 1# - ADDED ENTRY--PERSONAL NAME
Personal name Tumin, Melvin M.
Fuller form of name (Melvin Marvin),
Dates associated with a name 1919-1994.
942 ## - ADDED ENTRY ELEMENTS (KOHA)
Source of classification or shelving scheme Dewey Decimal Classification
Koha item type Books
Holdings
Lost status Source of classification or shelving scheme Damaged status Not for loan Collection code Permanent Location Current Location Shelving location Date acquired Coded location qualifier Cost, normal purchase price Total Checkouts Full call number Date last seen Copy number Koha item type
  Dewey Decimal Classification   Not For Loan Non-fiction Central Library, University of Rajshahi Central Library, University of Rajshahi Reading Room 20/07/1961 Asia found 0.00   301 BES 1949 07/05/2014 C-1 Books